| 000 | 01284cam a2200289 i 4500 | ||
|---|---|---|---|
| 001 | 17765282 | ||
| 005 | 20141223150612.0 | ||
| 008 | 130605t2014 xxua frd 001 0 eng d | ||
| 010 | _a2013942293 | ||
| 020 | _a9780205971367 (paperback) | ||
| 020 | _a0205971369 (paperback) | ||
| 040 |
_aDLC _beng _cDLC _dEG-ScBUE |
||
| 082 | 0 | 0 |
_222 _a327 _bGOL |
| 100 | 1 |
_aGoldstein, Joshua S., _d1952- _937037 |
|
| 245 | 1 | 0 |
_aInternational relations / _cJoshua S. Goldstein, Jon C. Pevehouse. |
| 250 |
_a10th ed., _b2013-2014 update ed. |
||
| 260 |
_aBoston, United States : _bPearson, _cc.2014. |
||
| 300 |
_axxx, 568 p. : _bill. (col.) ; _c26 cm. |
||
| 500 | _aGlossary : p. 501-515. | ||
| 500 | _aIncludes indexes. | ||
| 505 | 2 | _aThe globalization of international relations-Realist theories-Liberal and social theories-Foreign policy-International conflict-Military force and terrorism-International organization, law, and human rights-International trade-Global finance and business-International integration-Environment and population-The North-South gap-International development-Postscript. | |
| 650 | 0 |
_aInternational relations _vTextbooks _98194 |
|
| 653 |
_bBUSBOL _cDecember2014 |
||
| 655 |
_vreading book _934232 |
||
| 700 | 1 |
_aPevehouse, Jon C. _937038 |
|
| 942 |
_2ddc _k327 GOL |
||
| 999 |
_c18820 _d18792 |
||